By His Excellency Coll. Benjamin Fletcher, captain general and governour in chief of His Majesties province of New-York, &c. A proclamation[.] : Forasmuch as sundry of His Majesties subjects ... Given under my hand at His Majesties fort in New-York, the eleventh day of May ... annoq; Domini 1696.

Bibliographic Details
Corporate Author: New York (Colony). Governor (1692-1698 : Fletcher)
Other Authors: Fletcher, Benjamin, 1640-1703
Format: eBook
Language:English
Series:Early American imprints. Evans (1639-1800) ; no. 763.
Subjects:
Online Access:Evans Digital Edition

MARC

Tag First Indicator Second Indicator Subfields
LEADER 00000cam a22000001a 4500
001 in00002157607
006 m e d #
007 cr mn mmmmabba
008 880322s1696 nyu s s000 0 eng d
005 20260331164006.4
035 |z w016078 
035 |a MAAR8803221303B 
035 |9 mwa91-34529 
035 |a 325222 
035 |a aas03016078 
040 |a MWA  |c MWA  |e bdrb  |d UtOrBLW 
110 1 |a New York (Colony).  |b Governor (1692-1698 : Fletcher) 
245 1 0 |a By His Excellency Coll. Benjamin Fletcher, captain general and governour in chief of His Majesties province of New-York, &c. A proclamation[.] :  |b Forasmuch as sundry of His Majesties subjects ... Given under my hand at His Majesties fort in New-York, the eleventh day of May ... annoq; Domini 1696. 
264 3 |a [New York] :  |b Printed by William Bradford, printer to His Majesty, at the Bible in the city of New-York,  |c 1696. 
300 |a 1 sheet (1 unnumbered page) 
336 |a text  |b txt  |2 rdacontent 
337 |a computer  |b c  |2 rdamedia 
338 |a online resource  |b cr  |2 rdacarrier 
500 |a Offering a reward to anyone who kills a French soldier found within three miles of a New York settlement. 
500 |a Signed: Ben. Fletcher. God save the King. 
500 |a Royal arms at head of title. 
510 4 |a Evans  |c 763 
510 4 |a Wing (2nd ed.)  |c F1308 
530 |a Microform version available in the Readex Early American Imprints series. 
533 |a Electronic text and image data.  |b [Chester, Vt. :  |c Readex, a division of Newsbank, Inc.,  |d 2002-2004.  |e Includes files in TIFF, GIF and PDF formats with inclusion of keyword searchable text.  |f (Early American imprints. First series ; no. 763). 
500 |a Electronic resource. 
650 0 |a Bounties, Military  |z New York (State) 
651 0 |a New York (State)  |x History  |y King William's War, 1689-1697. 
655 7 |a Broadsides.  |2 rbgenr 
700 1 |a Fletcher, Benjamin,  |d 1640-1703. 
752 |a United States  |b New York  |d New York. 
830 0 |a Early American imprints.  |n Series I,  |p Evans (1639-1800) ;  |v no. 763. 
856 4 1 |u http://proxy.library.tamu.edu/login?url=https://opac.newsbank.com/select/evans/763  |y Evans Digital Edition  |t 0 
999 |a MARS 
999 f f |s 493439ed-d4d6-3059-8505-1db476cc3098  |i e7cbc6bc-3246-3827-8fe1-d9f515f3aff8  |t 0 
952 f f |a Texas A&M University  |b College Station  |c Electronic Resources  |s www_evans  |d Available Online  |t 0  |h No information provided 
998 f f |t 0  |l Available Online